|
|
|
|
| LEADER |
00000cam a2200000 a 4500 |
| 001 |
vtls010310128 |
| 003 |
SK-MaSNL |
| 005 |
20260301032031.0 |
| 008 |
150827s2011 xo g 000 f slo |
| 015 |
|
|
|a SNBA2011/10-05445
|
| 020 |
|
|
|a 9788055124872
|q (viaz.)
|
| 035 |
|
|
|a 908449CA-87B4-4C89-AF84-16AB5A193E72
|
| 035 |
|
|
|a urn:nbn:sk:snk-amjim1
|
| 035 |
|
|
|a urn:nbn:sk:snk-am001zdg
|
| 040 |
|
|
|a SNK
|b slo
|c SNK
|e AACR2
|
| 041 |
1 |
|
|a slo
|h eng
|
| 044 |
|
|
|a xo
|c SK
|
| 072 |
|
7 |
|a 821.111-3
|x Anglická próza, anglicky písaná
|2 konspekt
|
| 080 |
|
|
|a 821.111-31
|2 2001
|
| 080 |
|
|
|a (0:82-311.1)
|2 2001
|
| 080 |
|
|
|a (0:82-312.4)
|2 2001
|
| 100 |
1 |
|
|a Watson, S. J.
|q (Steven J.)
|4 aut
|9 328599
|
| 240 |
1 |
0 |
|a Before i go to sleep
|l Slovensky
|
| 245 |
1 |
0 |
|a Skôr než zaspím
|c S.J. Watson ; [z anglického originálu Before i go to sleep ... preložila Miriam Ghaniová]
|
| 250 |
|
|
|a [1. vyd.]
|
| 260 |
|
|
|a Bratislava
|b Ikar
|c 2011
|
| 300 |
|
|
|a 301 s.
|c 21 cm
|
| 655 |
|
7 |
|a anglické romány
|2 SNKPH
|9 70428
|
| 655 |
|
7 |
|a psychologické romány
|2 SNKPH
|9 70762
|
| 655 |
|
7 |
|a detektívne romány
|2 SNKPH
|9 70455
|
| 655 |
|
7 |
|a English novels
|2 SNKPHeng
|9 327014
|
| 655 |
|
7 |
|a Psychological novels
|2 SNKPHeng
|9 277050
|
| 655 |
|
7 |
|a Detective novels
|2 SNKPHeng
|9 121444
|
| 700 |
1 |
|
|a Ghaniová, Miriam
|4 trl
|9 43894
|
| 919 |
|
|
|a 978-80-551-2487-2
|
| 958 |
|
|
|a UP
|
| 958 |
|
|
|a LX
|
| 968 |
|
|
|b ENG
|d 821
|
| 999 |
|
|
|c 577713
|d 579643
|
| 952 |
|
|
|a SNK
|b SNK
|y PREZ
|7 0
|p 17A0718485
|o snkSC 146813 D1
|i snk2011/19867
|8 0
|0 0
|1 0
|4 0
|d 2011-09-26
|f 1
|l 0
|r 2026-02-23 14:39:01
|w 2026-02-23
|
| 952 |
|
|
|a SNK
|b SNK
|y PREZ
|7 0
|p 17A0718359
|o snkSC 146813
|i snk2011/19651
|8 0
|0 0
|1 0
|4 0
|d 2011-09-22
|l 0
|r 2025-07-15 00:00:00
|w 2026-02-23
|